000 01249nam a22002777a 4500
005 20180803165610.0
008 141107b2014 ck il. |r||||a00| 0 spa d
020 _a9789588343983
041 _aspa
044 _ack
082 0 4 _a577.683
_bR17r
245 0 0 _aRestauración ecológica de los páramos de Colombia :
_btransformación y herramientas para su conservación /
_ceditado por Marian Cabrera y Wilson Ramírez
260 _aBogotá :
_bInstituto de Investigación de Recursos Biológicos Alexander von Humboldt,
_c2014.
300 _a296 p.
_bfot. (col). tablas, mapas
_c23 cm.
504 _aIncluye bibliografía al final de cada capítulo, guía de autores.
505 _aCap. 1 Ecología y transformación de los páramos (pag 19)
505 _aCap. 2 La restauración ecológica de los paramos (pag 67)
505 _aCap. 3 Lineamientos y estrategias de restauración de los ecosistemas de páramo (pag 135)
505 _aCap. 4 Estudios de caso (pag 173)
650 6 _aEcología de páramos
_zColombia
_928494
650 6 _aRestauración ecológica
_992279
650 6 _aPáramos
_xecología
_xconservación
_928496
700 0 _aCabrera,Marian
_eed.
_928410
700 0 _928411
_aRamírez, Wilson
_eed.
942 _2ddc
_cLIBRO
_019
999 _c8755
_d8755